000 00404 a2200157 4500
001 61985
020 _a9788560619092
040 _cAnchieta - Pituba
100 _aTeixeira, Osvalso Augusto
240 1 0 _aUma viagem à Bahia da segunda metade do século XIX
_lpor
245 1 0 _aUma viagem à Bahia da segunda metade do século XIX
300 _a376
362 0 _a2011
650 4 _aBahia
942 _cBK
999 _c61985
_d61985